000 01787cam a22003492 4500
001 0000021435
005 20151217145937.0
008 120514s xx 000 0 eng d
020 _a0414048225 (main work) :
020 _a0414048249 (2nd supplement)
040 _aKABU
_cKABU
100 1 _aArchbold, J. F.
_@0000182285
245 1 0 _aArchbold :
_bcriminal pleading, evidence and practice.
250 _a2012 ed. /
_beditor, P. J. Richardson.
260 _aLondon :
_bSweet & Maxwell,
_c2012.
300 _acccvlviii, 3111 p. +
_e2nd supplement.
650 0 _aCriminal procedure
_zGreat Britain.
_@0000177808
650 0 _aEvidence, criminal
_zGreat Britain.
_@0000181608
700 0 _aRichardson, P. J.
_@0000182286
852 1 _9p60934 KES (with second supplement)
852 1 _9p60934 KES (with second supplement)
852 1 _9p60934 KES (with second supplement)
852 1 _9p60934 KES (with second supplement)
852 1 _9p60934 KES (with second supplement)
852 1 _9p60934 KES (with second supplement)
852 1 _9p60934 KES (with second supplement)
852 1 _9p60934 KES (with second supplement)
852 1 _9p60934 KES (with second supplement)
852 1 _9p60934 KES (with second supplement)
908 _a120514
950 _@1
999 _c4315
_d4315